000 00347pab a2200145 454500
008 180718b2000 xxu||||| |||| 00| 0 eng d
100 _aBernstein, Sally
245 _aProject offices in practice
260 _c2000
300 _ap.4-6
362 _aDec
650 _aProject management
773 _aProject Management Journal
909 _a47399
999 _c47399
_d47399